Avatar - movies quiz - Statistics

General Stats
  • This quiz has been taken 486 times
  • The average score is 10 of 15
Answer Stats
Hint Answer % Correct
in which year did the first movie come out? 2009
94%
what is the name of the people on pandora? Navi
92%
How many biological children do Jake and Neytiri have? 3
90%
who was Neytiri´s and Jake´s first born son? Neteyam
87%
what was Lo´aks age in the second movie? 14
86%
who is the director of the Avatar movies? James Cameron
75%
who is the actor of Neytiri? Zoe Saldana
67%
what kind of animal is Payakan? Tulkun
58%
who is the actor of Jake Sully? Sam Worthington
56%
what does the phrase "skxawng" mean? moron
53%
what is the name of the leader of the metkayina clan? Tonowari
52%
what is the name of the clan that Jake meets first? Omaticaya
48%
who sings the song "Nothing is Lost" from Avatar 2? The Weeknd
44%
what is the name of Jake´s ikran? Bob
43%
who shoots Neteyam? Lyle
30%
No matching quizzes found
Score Distribution
Percent of People with Each Score
Percentile by Number Answered
Your Score History
You have not taken this quiz